Filtros /

Gorde:
Xehetasun bibliografikoak
Egile nagusia: Doeffinger, Dereck (autor)
Formatua: Liburua
Hizkuntza:gaztelania
Gaiak:
Etiketak: Etiketa erantsi
Etiketarik gabe, Izan zaitez lehena erregistro honi etiketa jartzen!

MARC

LEADER 00000nam^a2200000^a^4500
001 000027961
005 20250521000000.0
009 20260310084830.904
020 |a 84-85902-43-2 
037 |a Acervo ITESO - Biblioteca 
041 |a ESP 
082 |a 771. 356  |b DOE 
100 |a Doeffinger, Dereck  |e (autor) 
245 1 0 |a Filtros /  |c D. Doeffinger. 
264 |a Barcelona, España :  |b Folio,  |c 1982 
300 |a 96 p. 
336 |a texto  |b txt  |2 rdacontenido 
337 |a sin mediación  |b n  |2 rdamedio 
338 |a volumen  |b nc  |2 rdasoporte 
649 |a XX 
650 |a Arte 
650 |a Fotografía 
910 |a Fondo General 
920 |a Impresos - Libros 
930 |a Reserva Especial 
905 |a 103 
901 |a 0279610100  |b IT1  |c REE  |i 027961  |u 20250521 
902 |a https://opac.biblio.iteso.mx/vufind/Record/000027961